| 000 | 00410 a2200157 4500 | ||
|---|---|---|---|
| 003 | NUST | ||
| 005 | 20230321131301.0 | ||
| 040 | _cNust | ||
| 082 | _a954.91,NIA | ||
| 100 |
_aNiazi,Kausar _9110878 |
||
| 245 |
_aDeedawar bhutto / دیدہ ور بھٹو (Urdu) / _cKausar Niazi |
||
| 260 |
_aLahore _bSheikh Ghulam _c1977 |
||
| 300 | _a427p.; | ||
| 650 |
_aPakistan History _97198 |
||
| 942 |
_2ddc _cBK _k954.91,NIA |
||
| 999 |
_c187976 _d187976 |
||